000 00660nam a2200217Ia 4500
005 20250508165305.0
008 008 250505s9999 xx 000 0 eng d
020 _a978-0-521-74188-0
037 _aTextBook
040 _aFEDL
_beng
_cFEDL
041 _aeng
_2eng
084 _a300, CAR/R
_qFEDL
100 _aCarson Marcus Ed.
_9780408
245 0 _aParadigms in public policy: Theory and practice of paradigm shifts in the EU
260 _aFrankfurt, India
_bPeter Lang
_c2009
300 _a444p.
365 _aUSD
_b72.95
700 _a Burns Tom R Ed. Calvo Dolores Ed.
_9780409
942 _cTB
_h300, CAR/R
999 _c1394238
_d1394238